Municipios de Ciudad Real en un mapa - Estadísticas

Estadísticas generales
  • Esta prueba ha sido intentada 661 veces
  • La puntuación promedio es 44 de 102
Respuestas en el mapa
Las respuestas están codificadas por una escala verde-roja en el mapa de la prueba según el % correcto abajo.
 
Estadísticas de respuestas
Respuesta % Correcto
Ciudad Real
97%
Puertollano
90%
Valdepeñas
87%
Alcázar de San Juan
86%
Daimiel
84%
Manzanares
82%
Almagro
81%
Campo de Criptana
76%
Tomelloso
74%
Almadén
73%
Miguelturra
70%
Bolaños de Calatrava
69%
La Solana
66%
Almodóvar del Campo
65%
Puerto Lápice
63%
Socuéllamos
63%
Herencia
61%
Calzada de Calatrava
60%
Viso del Marqués
59%
Malagón
57%
Almuradiel
56%
Argamasilla de Alba
56%
Ruidera
55%
Villanueva de los Infantes
55%
Santa Cruz de Mudela
54%
Pedro Muñoz
52%
Alhambra
50%
Argamasilla de Calatrava
50%
Membrilla
50%
Pozuelo de Calatrava
50%
Carrión de Calatrava
49%
Montiel
49%
Villarrubia de los Ojos
49%
Chillón
47%
Piedrabuena
47%
Poblete
47%
Agudo
45%
Brazatortas
45%
Fuencaliente
44%
Granátula de Calatrava
44%
Moral de Calatrava
44%
Porzuna
44%
Arenas de San Juan
43%
Llanos del Caudillo
43%
Puebla de Don Rodrigo
42%
Anchuras
41%
Corral de Calatrava
41%
Aldea del Rey
40%
Villamanrique
40%
Abenójar
38%
Picón
38%
San Carlos del Valle
38%
Alcolea de Calatrava
37%
Fuente el Fresno
36%
Torralba de Calatrava
36%
Los Pozuelos de Calatrava
35%
Arroba de los Montes
34%
Mestanza
34%
Fernán Caballero
33%
Villarta de San Juan
33%
Caracuel de Calatrava
32%
Carrizosa
32%
Castellar de Santiago
32%
Las Labores
32%
Luciana
32%
Villamayor de Calatrava
32%
Cózar
31%
Torre de Juan Abad
31%
Almadenejos
30%
Almedina
30%
Cabezarrubias del Puerto
30%
El Robledo
30%
Guadalmez
30%
Retuerta del Bullaque
30%
Torrenueva
30%
Villahermosa
30%
Arenales de San Gregorio
29%
Ballesteros de Calatrava
29%
Horcajo de los Montes
29%
Puebla del Príncipe
29%
Solana del Pino
29%
Los Cortijos
28%
Valenzuela de Calatrava
28%
Villanueva de la Fuente
28%
Hinojosas de Calatrava
27%
Saceruela
27%
Cabezarados
26%
Cañada de Calatrava
26%
San Lorenzo de Calatrava
26%
Alamillo
25%
Albaladejo
25%
Alcubillas
25%
Fuenllana
24%
Navas de Estena
23%
Terrinches
22%
Alcoba de los Montes
21%
Santa Cruz de los Cáñamos
21%
Fontanarejo
20%
Villanueva de San Carlos
20%
Navalpino
19%
Valdemanco del Esteras
18%
Villar del Pozo
14%
No se encontraron pruebas coincidentes
Distribución de puntuación
Porcentaje de gente con cada puntuación
Porcentaje por número respondido
Historial de tus puntuaciones
No has intentado esta prueba.